000
00251nam a22001097a 4500
008
170123b xxu||||| |||| 00| 0 eng d
020
_a
9780812990454
041
_a
eng
080
_a
618.2
245
_a
TAKING CARE AFTER 50
_c
COHEN, H.J
942
_2
udc
_c
BK
999
_c
3377
_d
3377